000 00310nam a2200133Ia 4500
008 200103s9999||||xx |||||||||||||| ||und||
040 _aIMU-MPC
082 _aColumn-2
100 _aHoyt, Samuel L
245 0 _aMetals properties
260 _bMcGraw-Hill Publishing Co
_c1954
300 _ax, 433
942 _cBK
999 _c2893
_d2893